[Event "6th LCT GpA 2012"]
[Site "Leiden NED"]
[Date "2012.07.06"]
[Round "1.4"]
[White "De Wit, Cor"]
[Black "Socko, Bartosz"]
[Result "0-1"]
[BlackTitle "GM"]
[WhiteElo "2076"]
[BlackElo "2629"]
[WhiteFideId "1016849"]
[BlackFideId "1107038"]
[EventDate "2012.07.06"]

1. e4 e6 2. d4 d5 3. Nc3 Bb4 4. Bd3 dxe4 5. Bxe4 Nf6 6. Bf3 c5 7. Ne2 Nc6 8. Be3
cxd4 9. Nxd4 Ne5 10. O-O Nxf3+ 11. Nxf3 O-O 12. Qxd8 Rxd8 13. Bg5 Bxc3 14. bxc3
Bd7 15. h3 Rdc8 16. Ne5 Ba4 17. c4 Ne4 18. Be3 f6 19. Nf3 Rxc4 20. Rfc1 b6 21.
Nd2 Nxd2 22. Bxd2 Bxc2 23. a3 Rac8 24. Re1 e5 25. Rac1 Kf7 26. Bb4 g5 27. Re2
R8c6 28. Rd2 a5 29. Bd6 Rd4 30. Rdxc2 Rxc2 31. Rxc2 Rxd6 32. Rc7+ Kg6 0-1

[Event "6th LCT GpA 2012"]
[Site "Leiden NED"]
[Date "2012.07.06"]
[Round "1.5"]
[White "Howell, David W L"]
[Black "Thakoerdien, Jerrel"]
[Result "1-0"]
[WhiteTitle "GM"]
[WhiteElo "2620"]
[BlackElo "2070"]
[WhiteFideId "410608"]
[BlackFideId "1037439"]
[EventDate "2012.07.06"]

1. d4 Nf6 2. c4 c5 3. d5 d6 4. Nc3 g6 5. h3 Bg7 6. Bf4 O-O 7. Nf3 a6 8. a4 Qa5
9. Nd2 e5 10. Bh2 Ne8 11. e3 f5 12. Be2 Nd7 13. Qc2 Ndf6 14. O-O Bd7 15. Rfb1
Rb8 16. Nb3 Qd8 17. a5 g5 18. Nd2 h5 19. f4 exf4 20. exf4 g4 21. h4 Ne4 22.
Ncxe4 fxe4 23. Nxe4 Qxh4 24. g3 Qe7 25. Re1 Nf6 26. Ng5 Rbe8 27. Kg2 Qd8 28. Bg1
Re7 29. Bf2 Qe8 30. Bd3 h4 31. Bh7+ Kh8 32. Bg6 Qd8 33. Rxe7 Qxe7 34. Re1 Qd8
35. Nf7+ Rxf7 36. Bxf7 1-0

[Event "6th LCT GpA 2012"]
[Site "Leiden NED"]
[Date "2012.07.06"]
[Round "1.6"]
[White "Koenig, Dirk"]
[Black "Vorobiov, Evgeny E."]
[Result "0-1"]
[BlackTitle "GM"]
[WhiteElo "2065"]
[BlackElo "2586"]
[WhiteFideId "4636619"]
[BlackFideId "4121341"]
[EventDate "2012.07.06"]

1. e4 c5 2. Nf3 e6 3. d3 Nc6 4. g3 d5 5. Nbd2 Nf6 6. Bg2 g6 7. O-O Bg7 8. Re1
O-O 9. a4 b6 10. h3 Qc7 11. Nf1 Ba6 12. Bf4 e5 13. Bg5 d4 14. b3 Ne8 15. N1h2
Nd6 16. Ng4 f6 17. Bd2 Rae8 18. Kh1 Bc8 19. Ng1 f5 20. exf5 gxf5 21. Nh2 Ne7 22.
Qh5 e4 23. dxe4 Nxe4 24. Bxe4 fxe4 25. Bf4 Qc6 26. Ne2 Rf5 0-1

[Event "6th LCT GpA 2012"]
[Site "Leiden NED"]
[Date "2012.07.06"]
[Round "1.7"]
[White "Zakhartsov, Viacheslav V."]
[Black "Klop, Tjomme"]
[Result "1/2-1/2"]
[WhiteTitle "GM"]
[WhiteElo "2547"]
[BlackElo "2062"]
[WhiteFideId "4115333"]
[BlackFideId "1027115"]
[EventDate "2012.07.06"]

1. d4 d5 2. c4 e6 3. Nc3 Nf6 4. cxd5 exd5 5. Bg5 c6 6. Qc2 Be7 7. e3 Nbd7 8. Bd3
Nh5 9. Bxe7 Qxe7 10. O-O-O Nb6 11. Kb1 Be6 12. Nge2 O-O-O 13. Nc1 g6 14. Nb3 Ng7
15. Nc5 Kb8 16. N3a4 Nxa4 17. Qxa4 Bf5 18. Ka1 Ne6 19. Bxf5 Nxc5 20. dxc5 gxf5
21. Qf4+ Ka8 22. Qxf5 Qxc5 23. Rd4 Qe7 24. Rf4 Rd7 25. Qf6 Qxf6 26. Rxf6 Rg8 27.
g3 Rg6 28. Rf5 b6 29. Rd1 Rgd6 30. b4 Kb7 31. Kb2 c5 32. bxc5 bxc5 33. e4 dxe4
34. Rxd6 Rxd6 35. Rxf7+ Kc6 36. Kc2 Rd3 37. a4 Ra3 38. Rxa7 Ra2+ 39. Kc3 Rxf2
40. Rxh7 Ra2 41. h4 Ra3+ 42. Kc4 Rxa4+ 43. Kb3 Rd4 44. Rg7 e3 45. Re7 e2 46.
Rxe2 Rd3+ 47. Kc4 Rxg3 1/2-1/2

[Event "6th LCT GpA 2012"]
[Site "Leiden NED"]
[Date "2012.07.06"]
[Round "1.10"]
[White "Segers, Hans"]
[Black "Bok, Benjamin"]
[Result "0-1"]
[BlackTitle "IM"]
[WhiteElo "2060"]
[BlackElo "2512"]
[WhiteFideId "1019350"]
[BlackFideId "1017063"]
[EventDate "2012.07.06"]

1. e4 e5 2. f4 exf4 3. Nf3 Ne7 4. d4 d5 5. Bd3 dxe4 6. Bxe4 Ng6 7. O-O Bd6 8. c4
O-O 9. c5 Be7 10. Qb3 Nc6 11. Bxc6 bxc6 12. Nc3 Bg4 13. Qa4 Bf6 14. Ne4 Bxf3 15.
Nxf6+ Qxf6 16. Rxf3 Rad8 17. Be3 Rb8 18. b3 Rbe8 19. Bf2 Re2 20. Rf1 Rfe8 21. h4
h5 22. Bg3 Qe6 23. Bxf4 Nxh4 24. R3f2 Rxf2 25. Rxf2 Qe1+ 26. Rf1 Qe4 27. Rf2
Nxg2 28. Bxc7 Ne3 29. Be5 Qb1+ 30. Kh2 Ng4+ 31. Kg2 Qe4+ 32. Kg1 Qe3 0-1

[Event "6th LCT GpA 2012"]
[Site "Leiden NED"]
[Date "2012.07.06"]
[Round "1.11"]
[White "Horvath, Csaba"]
[Black "Kouwenhoven, Arjen"]
[Result "1-0"]
[WhiteTitle "GM"]
[WhiteElo "2507"]
[BlackElo "2050"]
[WhiteFideId "700118"]
[BlackFideId "1013416"]
[EventDate "2012.07.06"]

1. d4 Nf6 2. c4 c5 3. d5 e6 4. Nc3 exd5 5. cxd5 d6 6. Nf3 g6 7. Bf4 a6 8. a4 Bg7
9. h3 O-O 10. e3 Re8 11. Nd2 Nh5 12. Bh2 f5 13. Be2 Nf6 14. Nc4 Bf8 15. O-O Qc7
16. a5 Nbd7 17. Na4 Rb8 18. Rc1 Ne5 19. Nxe5 dxe5 20. b4 Nd7 21. Qd2 b5 22. Nxc5
Qd6 23. Rfd1 Nf6 24. Qb2 Bd7 25. Nd3 1-0

[Event "6th LCT GpA 2012"]
[Site "Leiden NED"]
[Date "2012.07.06"]
[Round "1.12"]
[White "Borst, Filip"]
[Black "Sundararajan, Kidambi"]
[Result "0-1"]
[BlackTitle "GM"]
[WhiteElo "2049"]
[BlackElo "2459"]
[WhiteFideId "1024647"]
[BlackFideId "5005370"]
[EventDate "2012.07.06"]

1. e4 c6 2. d4 d5 3. e5 Bf5 4. c4 e6 5. Nc3 dxc4 6. Bxc4 Nd7 7. Nge2 Nb6 8. Bb3
Ne7 9. Nf4 Qd7 10. O-O h6 11. Be3 Ned5 12. Nfxd5 Nxd5 13. Nxd5 exd5 14. Rc1 Be7
15. Bc2 O-O 16. h3 f6 17. f4 fxe5 18. dxe5 Bxc2 19. Qxc2 Qf5 20. Qxf5 Rxf5 21.
g4 Rff8 22. Bc5 Bxc5+ 23. Rxc5 Rae8 24. b4 g5 25. fxg5 Rxf1+ 26. Kxf1 hxg5 27.
b5 Re6 28. Kf2 Kf7 29. bxc6 bxc6 30. a4 Ke7 31. Ra5 Rxe5 32. Rxa7+ Kd6 33. Rf7
d4 34. Rf6+ Kc7 35. Rf5 Re7 36. Ra5 Kd6 37. Rxg5 d3 38. Rg8 Kc7 39. Ra8 d2 40.
Ra7+ Kd6 41. Rxe7 d1=Q 0-1

[Event "6th LCT GpA 2012"]
[Site "Leiden NED"]
[Date "2012.07.06"]
[Round "1.16"]
[White "De Coverly, Roger D"]
[Black "Luch, Michal"]
[Result "0-1"]
[BlackTitle "IM"]
[WhiteElo "2027"]
[BlackElo "2426"]
[WhiteFideId "405213"]
[BlackFideId "1120042"]
[EventDate "2012.07.06"]

1. e4 c5 2. Nf3 e6 3. d3 Nc6 4. g3 d5 5. Qe2 dxe4 6. dxe4 b6 7. Qd2 Qc7 8. Nc3
Nf6 9. Bg2 Ba6 10. Qg5 h6 11. Bf4 hxg5 12. Bxc7 Rc8 13. e5 Rxc7 14. exf6 gxf6
15. O-O-O g4 16. Nd2 Nd4 17. Nb3 Nxb3+ 18. axb3 f5 19. h4 c4 20. bxc4 Bxc4 21.
Rhe1 Bb4 22. Bd5 Bxc3 23. bxc3 Bxd5 24. Rxd5 O-O 25. Rd3 Rfc8 26. Ree3 b5 27.
Kb2 b4 28. Kb3 Rc4 29. cxb4 Rxc2 30. Rd8+ Rxd8 31. Kxc2 Kg7 32. Ra3 Rd7 33. Kc3
e5 34. Ra6 f6 35. Kc4 Kg6 36. Kc5 f4 37. b5 Kf5 38. Kc6 Re7 39. Ra2 e4 40. gxf4
Kxf4 41. Kd5 Rb7 42. Kc6 Rh7 43. Ra3 f5 44. Kd5 Rd7+ 45. Kc6 Rd2 46. Rxa7 Rxf2
47. b6 Rc2+ 48. Kd6 Rb2 49. Kc7 g3 50. b7 Kg4 51. Ra6 Rxb7+ 52. Kxb7 Kxh4 53.
Rg6 e3 54. Kc6 e2 55. Re6 g2 0-1

[Event "6th LCT GpA 2012"]
[Site "Leiden NED"]
[Date "2012.07.06"]
[Round "1.17"]
[White "Butkiewicz, Lukasz"]
[Black "Roorda, Thijs"]
[Result "0-1"]
[WhiteTitle "IM"]
[WhiteElo "2402"]
[BlackElo "2025"]
[WhiteFideId "1122428"]
[BlackFideId "1027930"]
[EventDate "2012.07.06"]

1. e4 e6 2. d4 d5 3. Nc3 Bb4 4. e5 c5 5. a3 Bxc3+ 6. bxc3 Qc7 7. Qg4 Ne7 8. Qxg7
Rg8 9. Qxh7 cxd4 10. Ne2 Nbc6 11. f4 dxc3 12. Qd3 d4 13. Nxd4 Nxd4 14. Qxd4 Bd7
15. Rg1 Nf5 16. Qf2 Qc6 17. Bd3 Rd8 18. g4 Ne7 19. Be3 Nd5 20. g5 Qa4 21. Rb1
Bc6 22. Bc1 a5 23. h4 Ne7 24. h5 Kf8 25. Qc5 Rxd3 26. cxd3 Qc2 27. Ra1 Bf3 28.
Qe3 Bxh5 29. Qe4 Nf5 30. Rg2 Qd1+ 31. Kf2 Rh8 32. d4 Bg4 33. a4 Kg7 34. Qe1
Qxd4+ 35. Be3 Qe4 36. Bb6 Qxf4+ 37. Kg1 Nh4 38. Be3 Nf3+ 39. Kf2 Qf5 40. Qb1 c2
41. Qxb7 Nxe5+ 0-1

[Event "6th LCT GpA 2012"]
[Site "Leiden NED"]
[Date "2012.07.06"]
[Round "1.18"]
[White "Braggaar, Pim"]
[Black "Erwich, Frank"]
[Result "0-1"]
[BlackTitle "FM"]
[WhiteElo "2019"]
[BlackElo "2376"]
[WhiteFideId "1032321"]
[BlackFideId "1007076"]
[EventDate "2012.07.06"]

1. e4 e5 2. Nf3 Nc6 3. Nc3 Nf6 4. Bc4 Nxe4 5. Nxe4 d5 6. Bxd5 Qxd5 7. Nc3 Qd8 8.
h3 Bc5 9. d3 O-O 10. Be3 Nd4 11. Ne4 Bb4+ 12. c3 Nxf3+ 13. Qxf3 Be7 14. Bc5 f5
15. Bxe7 Qxe7 16. Nd2 Be6 17. Qe3 Bd5 18. f3 Qh4+ 19. Qf2 Qh6 20. Qc5 Rad8 21.
c4 b6 22. Qf2 Bc6 23. Qe2 e4 24. dxe4 fxe4 25. fxe4 Qh4+ 26. Kd1 Rf2 0-1

[Event "6th LCT GpA 2012"]
[Site "Leiden NED"]
[Date "2012.07.06"]
[Round "1.28"]
[White "Kevlishvili, Robby"]
[Black "Spaan, Nathanael"]
[Result "0-1"]
[WhiteElo "1877"]
[BlackElo "2206"]
[WhiteFideId "1040634"]
[BlackFideId "1006118"]
[EventDate "2012.07.06"]

1. e4 c5 2. Nf3 d6 3. d4 cxd4 4. Nxd4 Nf6 5. Nc3 a6 6. Be3 e5 7. Nb3 Be7 8. Qd2
Be6 9. O-O-O Nbd7 10. Kb1 b5 11. f3 O-O 12. Nd5 Bxd5 13. exd5 Nb6 14. Bxb6 Qxb6
15. g4 a5 16. h4 a4 17. Nc1 b4 18. Bh3 Ra5 19. Nd3 Nxd5 20. Ka1 a3 21. Rb1 Qd4
22. Rh2 axb2+ 23. Rxb2 Rxa2+ 24. Kxa2 Ra8+ 25. Kb1 Nc3+ 26. Qxc3 bxc3 0-1

[Event "6th LCT GpA 2012"]
[Site "Leiden NED"]
[Date "2012.07.06"]
[Round "1.34"]
[White "Guisset, Philippe"]
[Black "Von Meijenfeldt, Bart"]
[Result "0-1"]
[WhiteElo "1928"]
[BlackElo "2123"]
[WhiteFideId "206628"]
[BlackFideId "1032259"]
[EventDate "2012.07.06"]

1. c4 Nf6 2. g3 g6 3. Bg2 Bg7 4. Nc3 O-O 5. d3 Nc6 6. Nf3 e6 7. O-O d5 8. e4 d4
9. Ne2 a6 10. Ne1 e5 11. Bg5 h6 12. Bd2 Be6 13. b4 b5 14. cxb5 axb5 15. Qc1 Qd7
16. a3 Kh7 17. Qc5 Rfb8 18. f4 Bf8 19. Qc1 Ng4 20. f5 gxf5 21. Rxf5 Bxf5 22.
exf5 Ra6 23. h3 Ne3 24. Be4 f6 25. g4 Bd6 26. Ng3 Ne7 27. Bxe3 dxe3 28. Nf3 c6
29. Nh5 Rf8 30. h4 Qa7 31. g5 Bxb4 32. g6+ Kg8 33. Qb1 Rxa3 34. Qb3+ Rxb3 35.
Rxa7 Bc5 36. Rc7 e2+ 37. Kg2 Ra3 38. Bxc6 Ra7 39. Bb7 Nxf5 40. Kh3 Ne7 41. Rxe7
Bxe7 42. Bd5+ Rf7 43. gxf7+ Kf8 44. Ng3 Ra3 45. Be4 Ra2 46. Kg4 Bb4 47. Nxe2
Rxe2 48. Bc6 Kxf7 49. Bxb5 Re3 50. Bc4+ Kg7 0-1

[Event "6th LCT GpA 2012"]
[Site "Leiden NED"]
[Date "2012.07.06"]
[Round "1.41"]
[White "Sanders, Isaac B"]
[Black "Van Der Zon, Stef"]
[Result "1-0"]
[WhiteElo "2100"]
[BlackElo "1713"]
[WhiteFideId "417661"]
[BlackFideId "1021451"]
[EventDate "2012.07.06"]

1. e4 c5 2. Nf3 d6 3. d4 cxd4 4. Nxd4 Nf6 5. Nc3 g6 6. Be3 Bg7 7. f3 O-O 8. Qd2
Nc6 9. Bc4 Bd7 10. O-O-O Qa5 11. Kb1 Rfc8 12. Bb3 Ne5 13. h4 Nc4 14. Bxc4 Rxc4
15. Nb3 Qc7 16. h5 Rxc3 17. bxc3 Nxh5 18. Bd4 Nf6 19. g4 e5 20. Be3 Bxg4 21.
fxg4 Nxe4 22. Qh2 Nxc3+ 23. Kc1 Nxa2+ 24. Kb2 Nc3 25. Qxh7+ Kf8 26. Bh6 Nxd1+
27. Rxd1 Bxh6 28. Qxh6+ Ke7 29. Qh4+ Ke6 30. Rf1 Qe7 31. g5 Qc7 32. Rf6+ Kd5 33.
c4+ Kc6 34. Qe4+ Kb6 35. c5+ Kb5 36. Qd3+ Kb4 37. Qe4+ Kb5 38. cxd6 1-0

[Event "6th LCT GpA 2012"]
[Site "Leiden NED"]
[Date "2012.07.08"]
[Round "2.1"]
[White "Van Beek, Alexander"]
[Black "Khenkin, Igor"]
[Result "1-0"]
[WhiteTitle "IM"]
[BlackTitle "GM"]
[WhiteElo "2329"]
[BlackElo "2669"]
[WhiteFideId "1007262"]
[BlackFideId "4659600"]
[EventDate "2012.07.06"]

1. e4 e6 2. d4 d5 3. Nc3 Nf6 4. e5 Nfd7 5. f4 c5 6. Nf3 Nc6 7. Be3 Qb6 8. Na4
Qa5+ 9. c3 b6 10. Bd2 c4 11. b4 Qa6 12. a3 Be7 13. g4 Nf8 14. Bg2 Ng6 15. Be3 h5
16. h3 Bd7 17. Nb2 hxg4 18. hxg4 Rxh1+ 19. Bxh1 O-O-O 20. Qb1 Rh8 21. Bg2 Nh4
22. Nxh4 Rxh4 23. Nd1 Qa4 24. Bf3 Rh3 25. Ke2 a5 26. Nf2 Rh2 27. Kf1 Na7 28. Bd1
Qc6 29. bxa5 bxa5 30. a4 Kc7 31. f5 Rh8 32. f6 gxf6 33. exf6 Bxf6 34. Bf4+ Kd8
35. Qb8+ Nc8 36. g5 Be7 37. Qe5 Rf8 38. Ng4 Qd6 39. Qe3 Qb6 40. Qe5 Nd6 41. Nf6
Qb2 42. Rc1 Rh8 43. Kg1 Rh4 44. Ng8 Ne4 45. Rc2 Qb6 46. Nxe7 Kxe7 47. Bf3 Bxa4
48. Bxe4 dxe4 49. Qf6+ Ke8 50. g6 Rg4+ 51. Rg2 Rxg2+ 52. Kxg2 fxg6 53. d5 e3 54.
dxe6 e2 55. Qf7+ Kd8 56. e7+ Kc8 57. e8=Q+ Bxe8 58. Qxe8+ Kb7 59. Qb8+ Ka6 60.
Qxb6+ Kxb6 61. Kf2 Kc6 62. Kxe2 Kd5 63. Kd2 a4 64. Kc2 a3 65. Bc1 a2 66. Kb2 Ke4
67. Kxa2 Kd3 68. Kb2 1-0

[Event "6th LCT GpA 2012"]
[Site "Leiden NED"]
[Date "2012.07.08"]
[Round "2.4"]
[White "Socko, Bartosz"]
[Black "Zakhartsov, Vladimir"]
[Result "1-0"]
[WhiteTitle "GM"]
[WhiteElo "2629"]
[BlackElo "2271"]
[WhiteFideId "1107038"]
[BlackFideId "4145097"]
[EventDate "2012.07.06"]

1. d4 Nf6 2. c4 g6 3. f3 Nc6 4. d5 Ne5 5. e4 d6 6. Nc3 Bg7 7. f4 Ned7 8. Nh3 e5
9. dxe6 fxe6 10. Be2 O-O 11. Qc2 e5 12. f5 Nc5 13. O-O a5 14. g4 h6 15. Be3 b6
16. Nf2 Bb7 17. Rad1 Qe8 18. h4 Nh7 19. g5 gxf5 20. exf5 e4 21. f6 Qe5 22. Kg2
Nxf6 23. gxf6 Rxf6 24. Ng4 Rg6 25. Nd5 h5 26. Rf5 Qe6 27. Rdf1 Rf8 28. Rxf8+
Bxf8 29. Nf6+ Kh8 30. Nxh5 Rxg4+ 31. Bxg4 Qxg4+ 32. Ng3 Bg7 33. Qe2 Qf3+ 34. Kh2
Qxe2+ 35. Nxe2 Bxb2 36. Rf7 d5 37. Kg2 Ba6 38. Rxc7 Bxc4 39. Bd4+ Bxd4 40. Nxd4
Bxa2 41. h5 Bb1 42. Rc6 a4 43. Rxb6 Bd3 44. Rc6 Nb3 45. Nf5 d4 46. Rc8+ Kh7 47.
Rc7+ Kg8 48. h6 e3 49. Rg7+ Kh8 50. Nd6 Bg6 51. Rxg6 Kh7 52. Rg7+ Kxh6 53. Nf5+
Kh5 54. Kf3 Nc1 55. Nxd4 a3 56. Ra7 Nd3 57. Rxa3 Ne5+ 58. Ke2 1-0

[Event "6th LCT GpA 2012"]
[Site "Leiden NED"]
[Date "2012.07.08"]
[Round "2.5"]
[White "Rabus, Berthold"]
[Black "Howell, David W L"]
[Result "0-1"]
[BlackTitle "GM"]
[WhiteElo "2220"]
[BlackElo "2620"]
[WhiteFideId "24615170"]
[BlackFideId "410608"]
[EventDate "2012.07.06"]

1. d4 Nf6 2. Nf3 g6 3. g3 Bg7 4. Bg2 d5 5. c4 dxc4 6. Qa4+ Nfd7 7. Qxc4 Nb6 8.
Qc2 Nc6 9. e3 Bf5 10. Qd1 Nb4 11. Na3 Nd3+ 12. Ke2 O-O 13. Ne1 Nxc1+ 14. Rxc1 e5
15. e4 Bg4+ 16. f3 Bd7 17. d5 f5 18. Qb3 Kh8 19. h4 Bh6 20. Rc3 c6 21. dxc6 Bxc6
22. Rd3 Qe7 23. Nec2 Nd7 24. Qb4 Nc5 25. Rc3 fxe4 26. fxe4 Qd7 27. Rd1 Qg4+ 0-1

[Event "6th LCT GpA 2012"]
[Site "Leiden NED"]
[Date "2012.07.08"]
[Round "2.6"]
[White "Vorobiov, Evgeny E."]
[Black "Van Der Raaf, Erik"]
[Result "1-0"]
[WhiteTitle "GM"]
[WhiteElo "2586"]
[BlackElo "2158"]
[WhiteFideId "4121341"]
[BlackFideId "1004115"]
[EventDate "2012.07.06"]

1. d4 d5 2. c4 e5 3. dxe5 d4 4. Nf3 Nc6 5. a3 Nge7 6. b4 Ng6 7. Bb2 a5 8. b5
Ncxe5 9. Nxe5 Nxe5 10. e3 Be6 11. Bxd4 Nxc4 12. Nd2 Nd6 13. Be2 Nf5 14. Bb2 Bc5
15. Qc2 Bxe3 16. fxe3 Qh4+ 17. g3 Nxg3 18. Nf3 Qh3 19. hxg3 Qxh1+ 20. Kf2 Qh6
21. Qxc7 O-O 22. Qe5 Rac8 23. Rh1 Qf6 24. Bd3 Rfd8 25. Bxh7+ Kf8 26. Qxf6 gxf6
27. Bxf6 1-0

[Event "6th LCT GpA 2012"]
[Site "Leiden NED"]
[Date "2012.07.08"]
[Round "2.7"]
[White "Spaan, Nathanael"]
[Black "Arun Prasad, S."]
[Result "1/2-1/2"]
[BlackTitle "GM"]
[WhiteElo "2206"]
[BlackElo "2518"]
[WhiteFideId "1006118"]
[BlackFideId "5011167"]
[EventDate "2012.07.06"]

1. e4 c5 2. Nf3 d6 3. d4 cxd4 4. Nxd4 Nf6 5. Nc3 a6 6. Bc4 e6 7. Bb3 Nbd7 8. Bg5
Qa5 9. Qd2 b5 10. f3 Nc5 11. a3 Bb7 12. Ba2 Qc7 13. h4 Rc8 14. O-O-O Ncd7 15. h5
h6 16. Bh4 Ne5 17. Kb1 Nc4 18. Bxc4 Qxc4 19. Nce2 Nd7 20. Nb3 Qc7 21. Na5 Nb6
22. Nd4 Ba8 23. Rhe1 Be7 24. Bxe7 Kxe7 25. g4 Qc5 26. Ndb3 Qc7 27. Nd4 Qc5 28.
Ndb3 Qc7 29. Nd4 Qc5 1/2-1/2

[Event "6th LCT GpA 2012"]
[Site "Leiden NED"]
[Date "2012.07.08"]
[Round "2.8"]
[White "Bok, Benjamin"]
[Black "Vrublevskaya, Olga"]
[Result "1-0"]
[WhiteTitle "IM"]
[BlackTitle "WIM"]
[WhiteElo "2512"]
[BlackElo "2129"]
[WhiteFideId "1017063"]
[BlackFideId "4130545"]
[EventDate "2012.07.06"]

1. e4 c5 2. Nf3 e6 3. b3 Nc6 4. Bb2 d6 5. d4 cxd4 6. Nxd4 e5 7. Nxc6 bxc6 8. c4
Nf6 9. Nc3 Be7 10. Be2 O-O 11. O-O Be6 12. Qc2 Rc8 13. Rfd1 d5 14. exd5 cxd5 15.
cxd5 Nxd5 16. Bf3 Nb4 17. Qe2 Qb6 18. Na4 Qa5 19. Bc3 Rxc3 20. Nxc3 Rc8 21. Qb5
Qa3 22. Nd5 Bf8 23. Nxb4 Bxb4 24. Bd5 Bg4 25. Qb7 Rf8 26. Bf3 Bf5 27. Qc7 Qb2
28. Qxa7 Bc2 29. Rf1 Bd3 30. Rfd1 Bc2 31. Rf1 Bd3 32. Rfe1 Bxe1 33. Rxe1 e4 34.
Qe3 Qxa2 35. b4 exf3 36. Qxd3 fxg2 37. b5 Qa5 1-0

[Event "6th LCT GpA 2012"]
[Site "Leiden NED"]
[Date "2012.07.07"]
[Round "2.9"]
[White "Verstraeten, Reinaert"]
[Black "Horvath, Csaba"]
[Result "1/2-1/2"]
[BlackTitle "GM"]
[WhiteElo "2171"]
[BlackElo "2507"]
[WhiteFideId "223654"]
[BlackFideId "700118"]
[EventDate "2012.07.06"]

1. e4 c5 2. Nf3 e6 3. d4 cxd4 4. Nxd4 a6 5. Be2 Nf6 6. Nc3 d6 7. O-O Be7 8. Be3
Qc7 9. f4 O-O 10. Qe1 b5 11. e5 dxe5 12. fxe5 Nfd7 13. Bf3 Bb7 14. Bxb7 Qxb7 15.
Qg3 Bc5 16. Rad1 Nc6 17. Bh6 g6 18. Bxf8 Bxd4+ 19. Rxd4 Nxd4 20. Bd6 b4 21. Qf4
bxc3 22. Qxd4 cxb2 23. Rb1 Rc8 24. Rxb2 Qc6 25. h3 Kg7 1/2-1/2

[Event "6th LCT GpA 2012"]
[Site "Leiden NED"]
[Date "2012.07.07"]
[Round "2.10"]
[White "Sundararajan, Kidambi"]
[Black "Blom, Vincent"]
[Result "1-0"]
[WhiteTitle "GM"]
[WhiteElo "2459"]
[BlackElo "2119"]
[WhiteFideId "5005370"]
[BlackFideId "1014358"]
[EventDate "2012.07.06"]

1. d4 Nf6 2. c4 e6 3. Nc3 Bb4 4. e3 c5 5. Bd3 Bxc3+ 6. bxc3 d6 7. Ne2 Nc6 8. O-O
b6 9. e4 e5 10. h3 Na5 11. f4 Qe7 12. fxe5 dxe5 13. Bg5 Qd6 14. dxe5 Qxe5 15.
Bf4 Qe7 16. e5 Nh5 17. Be4 Bb7 18. Qa4+ Qd7 19. Qxd7+ Kxd7 20. Bxb7 Nxb7 21. Bh2 1-0

[Event "6th LCT GpA 2012"]
[Site "Leiden NED"]
[Date "2012.07.07"]
[Round "2.11"]
[White "Von Meijenfeldt, Bart"]
[Black "Van Haastert, Edwin"]
[Result "0-1"]
[BlackTitle "IM"]
[WhiteElo "2123"]
[BlackElo "2440"]
[WhiteFideId "1032259"]
[BlackFideId "1003992"]
[EventDate "2012.07.06"]

1. e4 e6 2. d4 d5 3. Nd2 h6 4. Bd3 c5 5. exd5 exd5 6. c3 Nc6 7. Ngf3 c4 8. Be2
Nf6 9. b3 cxb3 10. axb3 Bf5 11. O-O Be7 12. Re1 O-O 13. Nf1 Ne4 14. Bb2 Re8 15.
Ne3 Bh7 16. Bd3 Bf8 17. Re2 a6 18. Qb1 Nf6 19. Bxh7+ Nxh7 20. Qd3 Nf6 21. Rae1
Re6 22. Ne5 Qb6 23. Nf5 Ne7 24. Nxf7 Rxe2 25. Nxe7+ Kxf7 26. Qg6+ Kxe7 27. Rxe2+
Kd7 28. Qf7+ Kc6 29. b4 Qc7 30. Qg6 Qd7 31. c4 dxc4 32. Re5 b5 33. d5+ Kb7 34.
Re6 Re8 0-1

[Event "6th LCT GpA 2012"]
[Site "Leiden NED"]
[Date "2012.07.07"]
[Round "2.12"]
[White "Van Overdam, Jan"]
[Black "De Jong, Jan-Willem"]
[Result "0-1"]
[BlackTitle "IM"]
[WhiteElo "2101"]
[BlackElo "2429"]
[WhiteFideId "1022741"]
[BlackFideId "1008641"]
[EventDate "2012.07.06"]

1. e4 c6 2. d4 d5 3. exd5 cxd5 4. Bd3 Nc6 5. c3 Qc7 6. Ne2 Bg4 7. f3 Bd7 8. O-O
e5 9. dxe5 Nxe5 10. Nd4 Bd6 11. Qe2 Ne7 12. Nb5 Bxb5 13. Bxb5+ N5c6 14. f4 O-O
15. Bd3 Rfe8 16. Qh5 g6 17. Qh6 f5 18. Nd2 Nc8 19. Nf3 Bf8 20. Qh4 Nd6 21. g4
fxg4 22. Qxg4 Qc8 23. Qg5 Qe6 24. Re1 Ne4 25. Bxe4 dxe4 26. Nd4 Nxd4 27. cxd4
Bb4 28. Re2 Qc4 29. Kf2 Qxd4+ 30. Be3 Qd7 31. Rg1 Rf8 32. a3 Be7 33. Qh6 Rf7 34.
Rd2 Qe6 35. Ke2 Raf8 36. Rg3 Bc5 37. Bxc5 Qc4+ 38. Ke1 Qxc5 39. b4 Qe7 40. Rdg2
Rg7 41. Re3 Rf5 42. Qh3 Rxf4 43. Qc8+ Qf8 44. Qe6+ Rgf7 45. Rc3 Rf6 46. Qd5 Qd6
47. Qb3 Kg7 48. Re3 Qd4 49. Ke2 Qa1 50. Reg3 Qf1+ 51. Kd2 Rf2+ 52. Rxf2 Rxf2+
53. Kc3 Rf3+ 0-1

[Event "6th LCT GpA 2012"]
[Site "Leiden NED"]
[Date "2012.07.07"]
[Round "2.14"]
[White "Erwich, Frank"]
[Black "Sanders, Isaac B"]
[Result "1-0"]
[WhiteTitle "FM"]
[WhiteElo "2376"]
[BlackElo "2100"]
[WhiteFideId "1007076"]
[BlackFideId "417661"]
[EventDate "2012.07.06"]

1. c4 Nf6 2. Nc3 g6 3. e4 d6 4. g3 Bg7 5. Bg2 O-O 6. Nge2 c5 7. O-O Nc6 8. d3
Ne8 9. Be3 Nd4 10. Rb1 a5 11. f4 Rb8 12. h3 f5 13. Kh2 Nc7 14. a4 Bd7 15. Nb5
Nce6 16. Bg1 fxe4 17. dxe4 Bxb5 18. cxb5 Nxe2 19. Qxe2 Kh8 20. f5 Nd4 21. Bxd4
Bxd4 22. fxg6 hxg6 23. Qg4 Kg7 24. e5 Rxf1 25. Rxf1 Bxe5 26. Be4 Qe8 27. h4 Bf6
28. h5 g5 29. Kg2 Qf7 30. h6+ Kh8 31. Qd7 b6 32. Qc7 Qg8 33. Rf5 Rf8 34. Qxb6
Bxb2 35. Rxf8 Qxf8 36. Qxa5 Bd4 37. Qa8 Qxa8 38. Bxa8 Bc3 39. Be4 d5 40. Bf5 g4
41. b6 Ba5 42. b7 Bc7 43. a5 e5 44. a6 Bb8 45. Bxg4 c4 46. Bf5 e4 47. Kf1 e3 48.
Ke2 d4 49. g4 Ba7 50. g5 d3+ 51. Bxd3 cxd3+ 52. Kxd3 Kh7 53. b8=Q Bxb8 54. Kxe3
Kg6 55. Ke4 1-0